| 000 | 00814nam a2200205Ia 4500 | ||
|---|---|---|---|
| 008 | 150520s9999 xx 000 0 und d | ||
| 050 | _aQP 501 | ||
| 050 | _b.Ag264 2015 | ||
| 100 | _aAgdon, Graf. | ||
| 245 | 2 | _aA comparative analysis of antimycotic activity of ocimum basilicum l. (sweet basil) and plumeria obtusa l. (kalachuchi) methanol leaf extract against miconazole in inhibiting the growth of trichophyton mentagrophytes / | |
| 245 | _c Graf Agdon, Ma. Samantha Alayon, Felix John Paul Barqueros, Ma. Conita Orteza, Mary Rose Pastrana . | ||
| 260 | _aLas PiƱas, Philippines : | ||
| 260 | _bSISC, | ||
| 260 | _c2015. | ||
| 300 | _a87 pages : | ||
| 300 | _bcolor illustrations ; | ||
| 300 | _c28 cm. | ||
| 500 | _aIncludes bibliographical references and appendices. | ||
| 650 | _aMiconazole | ||
| 999 |
_c284054 _d284054 |
||